000 00276nam a2200121 4500
999 _c8290
_d8290
082 _a004
100 _aNISTE
245 _aComputer Applications 1
260 _aPakistan:
_bNational Book Foundation,
_c2000.
300 _a164p. ;
650 _aComputer Applications
942 _cBK